000 00342nam a2200133Ia 4500
008 240624s9999 xx 000 0 und d
041 _aeng
082 _a828 RAZ
100 _aRAZA AZRA
245 _aGHALIB EPISTEMOLOGIES OF ELEGANCE
260 _c2009
_aNew Delhi
_bPenguin/Viking
300 _axvi, : 183 : p. : cm. ; 20
365 _cRS
_b20
999 _c13635
_d13635